Annual editions: economics (Record no. 38080)

MARC details
000 -LEADER
fixed length control field 00402nam a2200145Ia 4500
022 ## - INTERNATIONAL STANDARD SERIAL NUMBER
ISSN 1092776X
050 ## - CALL MARK
Classification number HC 101 .A635/
245 #0 - TITLE STATEMENT
Title Annual editions: economics
260 ## - PUBLICATION, DISTRIBUTION, ETC. (IMPRINT)
Place of publication Boston
300 ## - PHYSICAL DESCRIPTION
Number of Pages xvi. , 191 p. : ill. ; 28 cm.
650 ## - SUBJECT ADDED ENTRY--TOPICAL TERM
Topical Term Economic history--1945---Periodicals. Economics--Periodicals.
942 ## - ADDED ENTRY ELEMENTS (KOHA)
Koha item type Serials

No items available.